Product diversity, taste heterogeneity, and geographic distribution of economic activities: market vs. non-market interactions (Record no. 56009)

000 -LEADER
fixed length control field 00450pab a2200145 454500
008 - FIXED-LENGTH DATA ELEMENTS--GENERAL INFORMATION
fixed length control field 180718b2003 xxu||||| |||| 00| 0 eng d
100 ## - MAIN ENTRY--PERSONAL NAME
Personal name Murata, Yasusada
245 ## - TITLE STATEMENT
Title Product diversity, taste heterogeneity, and geographic distribution of economic activities: market vs. non-market interactions
260 ## - PUBLICATION, DISTRIBUTION, ETC.
Date of publication, distribution, etc. 2003
300 ## - PHYSICAL DESCRIPTION
Extent p.126-44.
362 ## - DATES OF PUBLICATION AND/OR SEQUENTIAL DESIGNATION
Dates of publication and/or sequential designation Jan
650 ## - SUBJECT ADDED ENTRY--TOPICAL TERM
Topical term or geographic name entry element Economic Geography
773 ## - HOST ITEM ENTRY
Main entry heading Journal of Urban Economics
909 ## -
-- 56009
Holdings
Withdrawn status Lost status Damaged status Not for loan Permanent Location Current Location Date acquired Serial Enumeration / chronology Barcode Date last seen Price effective from Koha item type
        Indian Institute of Public Administration Indian Institute of Public Administration 2018-07-19 Volume no: 53, Issue no: 1 AR56454 2018-07-19 2018-07-19 Articles

Powered by Koha